Izrael na fotografiách

Bibliographic Details
Format: Article
Language:Slovak
PhysicalDescription:Fotogr.
Subjects:

MARC

LEADER 00000nab a2200000 ar4500
001 vtls009450887
003 SK-MaSNL
005 20260304055405.0
008 081202c2008 xo mr|p|||||||000 b|slo
038 |a PPPK 
040 |a PPPKCL  |b slo  |c PPPKCL  |e AACR2 
041 0 |a slo 
044 |a xo  |c SK 
080 |a 77.03  |x (569.4)  |2 2001 
080 |a 061.4  |2 2001 
245 0 0 |a Izrael na fotografiách  |c [autor] T/F-AdriSatury- 
300 |b Fotogr. 
600 1 7 |a Ondrušeková, Anna,  |d 1959-  |2 pppkcl  |9 341667 
610 2 7 |a Galéria Barónka (Kežmarok, Slovensko)  |x výstavy  |2 pppkcl  |9 1196050 
611 2 7 |a Izrael - krajina pre všetkých  |d (2007 :  |c Kežmarok, Slovensko)  |2 pppkcl  |9 1341292 
650 0 7 |a dokumentárna fotografia  |2 pppkcl  |9 75934 
650 0 7 |a výstavy  |2 pppkcl  |9 2780 
651 7 |a Izrael  |2 pppkcl  |9 16888 
651 7 |a Kežmarok (Slovensko)  |2 snkbucl  |9 26808 
773 0 |t Kežmarok  |g Roč. XV, č. 19 (2007), s. 8 
852 |a PPPK  |b KIS3GCP 
958 |a IL 
999 |c 2724045  |d 2725975